000 00641nam a2200229Ia 4500
005 20241129115659.0
008 241129s9999||||xx |||||||||||||| ||und||
020 _a9780367351205
037 _aTB
040 _aSDCL
_beng
_cSDCL
041 _aeng
_2eng
084 _aX:732-8 R1
_qSDCL
100 _aPullman Madeleine; Wu Zhaohui
_9728069
245 0 _aFood supply chain management : Building a sustainable future
250 _a2nd
260 _aNew York
_bRoutledge
_c2021
300 _axxiiii,342p.
365 _aUKP
_b79.99
650 _aOperational Research
942 _cTB
_hX:732-8 R1
999 _c1231538
_d1231538